|
|
|
|
| LEADER |
00000nam0a2200000 4500 |
| 001 |
15090 |
| 005 |
20231030190020.0 |
| 010 |
|
|
|a 5836000328
|
| 035 |
|
|
|a (RuTPU)RU\TPU\book\15193
|
| 035 |
|
|
|a BOOK00000012
|
| 090 |
|
|
|a 15090
|
| 100 |
|
|
|a 20011209d1999 k y0rusy50 ca
|
| 101 |
0 |
|
|a rus
|
| 102 |
|
|
|a RU
|
| 105 |
|
|
|a y z 000zy
|
| 200 |
1 |
|
|a Кооперативные игры при неопределенности и их приложения
|f В. И. Жуковский
|
| 210 |
|
|
|a Москва
|c Эдиториал УРСС
|d 1999
|
| 215 |
|
|
|a 334 с.
|
| 610 |
1 |
|
|a математика
|
| 610 |
1 |
|
|a теория
|
| 610 |
1 |
|
|a кооперативные игры
|
| 610 |
1 |
|
|a помехи
|
| 610 |
1 |
|
|a возмущения
|
| 610 |
1 |
|
|a ошибки измерений
|
| 610 |
1 |
|
|a учет
|
| 610 |
1 |
|
|a приложения
|
| 610 |
1 |
|
|a упражнения
|
| 610 |
1 |
|
|a комментарии
|
| 675 |
|
|
|a 519.83
|v 3
|
| 700 |
|
1 |
|a Жуковский
|b В. И.
|g Владислав Иосифович
|
| 801 |
|
0 |
|a RU
|b 63413507
|c 20011209
|g PSBO
|
| 801 |
|
2 |
|a RU
|b 63413507
|c 20131108
|g PSBO
|
| 942 |
|
|
|c BK
|